000 00325pab a2200145 454500
008 180718b1998 xxu||||| |||| 00| 0 eng d
100 _aPai Panandiker, V.A.
245 _aSave the citizen
260 _c1998
300 _ap.13
362 _a8 Aug
650 _aConstitutions
773 _aHindustan Times
909 _a39517
999 _c39517
_d39517